| 000 | 00630 a2200217 4500 | ||
|---|---|---|---|
| 999 |
_c8902 _d8902 |
||
| 020 | _a9780409071214 | ||
| 050 | _aKF6301 TAX 2001 | ||
| 100 |
_aDanziger, Errol _eeditor |
||
| 245 |
_aTax handbook 2001/2002 : _btax rates 2001/2002 / _cedited by Errol Danziger and E.M. Stack |
||
| 250 | _a11th | ||
| 264 |
_aDurban : _bButterworths, _c2001. |
||
| 300 | _a1058p. : | ||
| 440 | _aDigma handbook series | ||
| 500 | _aWith practice notes | ||
| 650 | _aTaxation | ||
| 650 | _aTax exemption | ||
| 650 | _aTax evasion | ||
| 700 |
_aDanziger, Errol _eeditor |
||
| 700 |
_aStack, E.M _eeditor |
||
| 942 |
_2lcc _cBK _e11th _h6301 _iTAX _kKF |
||